| 000 | 00428nam a2200169Ia 4500 | ||
|---|---|---|---|
| 008 | 180921t1976 xxu||||| |||| 00| 0 eng d | ||
| 041 | _aeng | ||
| 080 |
_a5 _bKAT |
||
| 100 | _aKatagiri, George | ||
| 245 | _aMatter matter everywhere | ||
| 260 |
_bSilver burdett company _aAtlanta _c1976 |
||
| 300 | _a71p., 23 cm | ||
| 650 | _aScience Grade 5-6 | ||
| 942 | _cBK | ||
| 999 |
_c13784 _d13784 |
||
| 003 | LK-CoDNM | ||
| 040 |
_aLK-CoDNM _dLK-CoDNM _eLK-CoDNM |
||